| 000 | 00498nam a22001817a 4500 | ||
|---|---|---|---|
| 005 | 20251108170126.0 | ||
| 008 | 250721s1999 xx 000 0 ara d | ||
| 082 | 1 | 4 | _a811.9567/عوا |
| 100 | 1 | _aالعواضي، أحمد | |
| 245 | 1 | 0 | _aمقامات الدهشة / |
| 264 | 1 |
_aعمان : _bدار أزمنة للنشر، _c1999. |
|
| 300 | _a98ص | ||
| 490 | 0 | _aإبداعات عربية | |
| 650 | 1 | 7 | _aالشعر العربي |
| 650 | 1 | 7 | _aاليمن |
| 942 |
_2ddc _cBK |
||
| 999 |
_c40355 _d40355 |
||